书目信息 |
| 题名: |
青少年性健康教育研究
|
|
| 作者: | 彭彧华 , 向燕辉 著 | |
| 分册: | ||
| 出版信息: | 北京 世界图书出版公司北京公司 2012 |
|
| 页数: | 162页 | |
| 开本: | 23cm | |
| 丛书名: | ||
| 单 册: | ||
| 中图分类: | G479.2 | |
| 科图分类: | ||
| 主题词: | 青少年--性教育--健康教育--研究 | |
| 电子资源: | ||
| ISBN: | 978-7-5100-3860-0 | |
| 000 | 00674nam0 2200229 450 | |
| 001 | 337995 | |
| 005 | 20150529084642.42 | |
| 010 | @a978-7-5100-3860-0@dCNY29.00 | |
| 100 | @a20120530d2012 demy0chiy50 ea | |
| 101 | 0 | @achi |
| 102 | @aCN@b110000 | |
| 105 | @ay z 000yy | |
| 106 | @ar | |
| 200 | 1 | @a青少年性健康教育研究@Aqing shao nian xing jian kang jiao yu yan jiu@f彭彧华, 向燕辉著 |
| 210 | @a北京@c世界图书出版公司北京公司@d2012 | |
| 215 | @a162页@d23cm | |
| 606 | 0 | @a青少年@x性教育@x健康教育@x研究 |
| 690 | @aG479.2@v5 | |
| 701 | 0 | @a彭彧华@Apeng yu hua@4著 |
| 701 | 0 | @a向燕辉@Axiang yan hui@4著 |
| 801 | 0 | @aCN@b卓展宏图@c20150525 |
| 905 | @dG479.2@e90@f3 | |
| 青少年性健康教育研究/彭彧华, 向燕辉著.-北京:世界图书出版公司北京公司,2012 |
| 162页;23cm |
| ISBN 978-7-5100-3860-0:CNY29.00 |
| ● |
| 相关链接 |
|
|
|
|
正题名:青少年性健康教育研究
索取号:G479.2/90
 
预约/预借
| 序号 | 登录号 | 条形码 | 馆藏地/架位号 | 状态 | 备注 |
| 1 | 857041 | 208570410 | 第一样本阅览室/ [索取号:G479.2/90] | 在馆 | |
| 2 | 857042 | 208570429 | 教育系资料室/ [索取号:G479.2/90] | 在馆 | |
| 3 | 857043 | 208570438 | 第四借阅区/ [索取号:G479.2/90] | 在馆 |